000 00267nam a22001217a 4500
008 170320b xxu||||| |||| 00| 0 eng d
041 _aeng
080 _a616.8
100 _a7
101 _aSHM
245 _aFUNDAMENTAL NEURO SCIENCE
_cZIGMOND.M.J
942 _2udc
_cBK
999 _c8042
_d8042